[Event "NED-ch U14 op"]
[Site "Borne"]
[Date "2013.08.09"]
[Round "7"]
[White "Maes, Marlies"]
[Black "Zijdemans, Ziggy"]
[Result "0-1"]
[WhiteElo "1092"]
[BlackElo "1180"]
[PlyCount "30"]
[EventDate "2013.08.05"]
[EventType "swiss"]
[EventRounds "9"]
[EventCountry "NED"]
[SourceTitle "EXT 2015"]
[Source "ChessBase"]
[SourceDate "2014.11.20"]
[SourceVersion "1"]
[SourceVersionDate "2014.11.20"]
[SourceQuality "1"]

1. e4 c5 2. Nf3 Nc6 3. d4 cxd4 4. Nxd4 g6 5. Nc3 Bg7 6. Be3 Nf6 7. Bc4 0-0 8. 0-0 Nxe4 9. Nxc6 bxc6 10. Nxe4 d5 11. Bxd5 cxd5 12. Nc3 e6 13. Qe2 Qh4 14. Rad1 Be5 15. Bd4 Qxh2# 0-1

[Event "NED-ch U14 op"]
[Site "Borne"]
[Date "2013.08.07"]
[Round "4"]
[White "Boekhoudt, Nicolien"]
[Black "Maes, Marlies"]
[Result "1-0"]
[WhiteElo "801"]
[BlackElo "1092"]
[PlyCount "49"]
[EventDate "2013.08.05"]
[EventType "swiss"]
[EventRounds "9"]
[EventCountry "NED"]
[SourceTitle "EXT 2015"]
[Source "ChessBase"]
[SourceDate "2014.11.20"]
[SourceVersion "1"]
[SourceVersionDate "2014.11.20"]
[SourceQuality "1"]

1. e4 e5 2. Nf3 Nc6 3. Bc4 Bc5 4. Nc3 Nf6 5. d3 h6 6. Be3 Bb6 7. Qd2 0-0 8. 0-0-0 d6 9. h3 Be6 10. g4 Nh7 11. g5 Bxe3 12. Qxe3 hxg5 13. Rdg1 Nd4 14. Nxg5 Nxg5 15. Rxg5 Qf6 16. Rhg1 g6 17. Bxe6 Nxe6 18. Nd5 Qd8 19. R5g4 c6 20. Nc3 d5 21. exd5 Nd4 22. Qxe5 Nf3 23. Rxg6+ fxg6 24. Rxg6+ Kf7 25. Qe6# 1-0

[Event "NED-ch U14 op"]
[Site "Borne"]
[Date "2013.08.07"]
[Round "5"]
[White "Maes, Marlies"]
[Black "Schelleman, Niels"]
[Result "0-1"]
[WhiteElo "1092"]
[BlackElo "1125"]
[PlyCount "46"]
[EventDate "2013.08.05"]
[EventType "swiss"]
[EventRounds "9"]
[EventCountry "NED"]
[SourceTitle "EXT 2015"]
[Source "ChessBase"]
[SourceDate "2014.11.20"]
[SourceVersion "1"]
[SourceVersionDate "2014.11.20"]
[SourceQuality "1"]

1. e4 d5 2. exd5 Nf6 3. Bc4 Nxd5 4. d3 e5 5. Nf3 Nc6 6. 0-0 Bg4 7. Re1 f6 8. d4 Nb6 9. Qd3 Bxf3 10. gxf3 Qxd4 11. Bb3 Qxd3 12. cxd3 0-0-0 13. Rd1 Nd4 14. Nd2 Bb4 15. Kg2 Bxd2 16. Bxd2 Nxb3 17. axb3 a6 18. Ba5 Nd5 19. Kg3 Nf4 20. Rd2 Rxd3 21. Rxd3 Nxd3 22. Rd1 Rd8 23. Bc3 Nf4 0-1